Normal view
MARC view
- John Jensen
Entry Personal Name
001 - CONTROL NUMBER
- control field: 133320
003 - CONTROL NUMBER IDENTIFIER
- control field: NUST
005 - DATE AND TIME OF LATEST TRANSACTION
- control field: 20260217163710.0
008 - FIXED-LENGTH DATA ELEMENTS
- fixed length control field: 260217|| aca||aabn | a|a d
040 ## - CATALOGING SOURCE
- Original cataloging agency: NUST
- Transcribing agency: NUST
100 ## - HEADING--PERSONAL NAME
- Personal name: John Jensen
670 ## - SOURCE DATA FOUND
- Source citation: Work cat.: (NUST): John Jensen., Introductory Digital Image Processing: A Remote Sensing Perspective /, 2015.
